Statistics for Countries with Five Letters (with a semi-empty map)

Click here to take the quiz!

General Stats

  • This quiz has been taken 195 times
  • The average score is 193 of 196

Answers on the Map

Answers color-coded by a green-red scale on the quiz's map according to % correct below.
 

Answer Stats

country% Correct
x
100%
China
98%
Egypt
98%
Libya
97%
Italy
96%
Spain
96%
Sudan
95%
Benin
94%
Ghana
94%
Nepal
93%
Yemen
93%
India
92%
Kenya
92%
Niger
92%
Japan
91%
Gabon
90%
Tonga
88%
Haiti
85%
Nauru
83%
Palau
82%
Samoa
82%
Chile
81%
Congo
80%
Malta
79%
Syria
79%
Qatar
72%

Score Distribution

Percentile by Number Answered

Percent of People with Each Score

Your Score History

You have not taken this quiz